01061nam a2200253 a 450000100100000000500170001000800410002704000250006808200180009310000390011124500700015026000440022030000270026450000760029150400320036765000190039965000510041865000270046965000350049665000250053195201150055695201210067199900150079200000608420260217123010.0090826s1999 dr 000 0 spa d aDO-SdBNPbspacBNPHU a363.45bC117h1 aCabral E., José A.d1955-91712910aHistoria del tráfico y consumo de drogas /cJosé A. Cabral E. aSanto Domingo :bEditora Gladys,c1999. a224 p. :bil ;c21 cm. aIncluye datos biográficos del autor en la solapa de la contracubierta aBibliografía : p. 219-223 0aDrogas 917130 4aDrogasxAbastecimiento y distribución917131 4aDrogasxComercio96032 4aUtilización de drogas917132 0aDrogadicción96035 0010718PDaPDbPDcCTd2009-08-26iLF1l0o363.45 C117hp6084-10r2020-06-25w2020-06-25yLFPDZNo se presta 0010718PDaPDbPDcCTd2009-08-26iLF1l0o363.45 C117hp6084-20r2020-06-25te. 2w2020-06-25yLFPDZNo se presta c5880d5880